MARC details
| 000 -LEADER |
| fixed length control field |
03456namaa2200421uu 4500 |
| 001 - CONTROL NUMBER |
| control field |
doab135370 |
| 003 - CONTROL NUMBER IDENTIFIER |
| control field |
oapen |
| 005 - DATE AND TIME OF LATEST TRANSACTION |
| control field |
20260218110455.0 |
| 006 - FIXED-LENGTH DATA ELEMENTS--ADDITIONAL MATERIAL CHARACTERISTICS |
| fixed length control field |
m o d |
| 007 - PHYSICAL DESCRIPTION FIXED FIELD--GENERAL INFORMATION |
| fixed length control field |
cr|mn|---annan |
| 008 - FIXED-LENGTH DATA ELEMENTS--GENERAL INFORMATION |
| fixed length control field |
240307s2024 xx |||||o ||| 0|eng d |
| 020 ## - INTERNATIONAL STANDARD BOOK NUMBER |
| International Standard Book Number |
9781837683192 |
| 020 ## - INTERNATIONAL STANDARD BOOK NUMBER |
| International Standard Book Number |
9781837683208 |
| 020 ## - INTERNATIONAL STANDARD BOOK NUMBER |
| International Standard Book Number |
9781837683215 |
| 020 ## - INTERNATIONAL STANDARD BOOK NUMBER |
| International Standard Book Number |
intechopen.107709 |
| 024 7# - OTHER STANDARD IDENTIFIER |
| Standard number or code |
10.5772/intechopen.107709 |
| Source of number or code |
doi |
| 040 ## - CATALOGING SOURCE |
| Original cataloging agency |
oapen |
| Transcribing agency |
oapen |
| Modifying agency |
|
| 041 0# - LANGUAGE CODE |
| Language code of text/sound track or separate title |
eng |
| 042 ## - AUTHENTICATION CODE |
| Authentication code |
dc |
| 245 00 - TITLE STATEMENT |
| Title |
Shifting Frontiers of Theobroma Cacao |
| Remainder of title |
Opportunities and Challenges for Production |
| 260 ## - PUBLICATION, DISTRIBUTION, ETC. |
| Name of publisher, distributor, etc. |
IntechOpen |
| Date of publication, distribution, etc. |
2024 |
| 300 ## - PHYSICAL DESCRIPTION |
| Extent |
1 online resource (216 p.) |
| 336 ## - CONTENT TYPE |
| Content type term |
text |
| Content type code |
txt |
| Source |
rdacontent |
| 337 ## - MEDIA TYPE |
| Media type term |
computer |
| Media type code |
c |
| Source |
rdamedia |
| 338 ## - CARRIER TYPE |
| Carrier type term |
online resource |
| Carrier type code |
cr |
| Source |
rdacarrier |
| 506 0# - RESTRICTIONS ON ACCESS NOTE |
| Standardized terminology for access restriction |
Unrestricted online access |
| Source of term |
star |
| 520 ## - SUMMARY, ETC. |
| Summary, etc. |
Cacao (Theobroma cacao L.) is a sacred tree and noble resource from South America. The Mayans and other early civilizations in Central America used cacao beans as tokens, which were subsequently transported to Europe to nurture monarchies and elites. Based on the discovery of cacao's commercial potential and attributes, new cocoa plantations were established in other parts of the world, including Africa, Asia, and the Caribbean. Thus, cocoa has become an important cash crop in Africa, Central and South America, and Asia, where it is a major foreign exchange earner, industrial raw material, support for livelihood, and ecosystem services provision. Based on its global importance, there has been an increased need for the expansion of cultivation to meet the rising demand for cacao beans. Global environmental change, including climate change, variability, and weather extremes, has established new environmental boundaries with implications for area suitability for cocoa production and sustainability. Efforts to unlock the potentials of the established environmental boundaries may be built on the development and adoption of agrotechnological practices and integration of climate resilience for harnessing opportunities and potentials of the new environment, and thus, extension of the frontiers of cacao cultivation to meet the increasing global demand for cocoa beans. This book, "Shifting Frontiers of Theobroma Cacao - Opportunities and Challenges for Production" presents a comprehensive perspective of the interactions of changing environmental conditions, cocoa production, and sustainability. The book illuminates the challenges climate change presents for cocoa production and sustainability. It provides insights into the need for cocoa actors within the cocoa sector to strengthen climate mitigation and resilience building and to come to grips with the realities, magnitude, and inevitable persistence of climate challenges to cocoa production and sustainability. |
| 540 ## - TERMS GOVERNING USE AND REPRODUCTION NOTE |
| Terms governing use and reproduction |
Creative Commons |
| -- |
https://creativecommons.org/licenses/by/3.0/ |
| -- |
cc |
| Uniform Resource Identifier |
<a href="https://creativecommons.org/licenses/by/3.0/">https://creativecommons.org/licenses/by/3.0/</a> |
| 546 ## - LANGUAGE NOTE |
| Language note |
English |
| 650 #7 - SUBJECT ADDED ENTRY--TOPICAL TERM |
| Topical term or geographic name entry element |
Agronomy and crop production |
| Source of heading or term |
bicssc |
| 720 1# - ADDED ENTRY--UNCONTROLLED NAME |
| Name |
Ohikhena Agele, Samuel |
| Relator code |
edt |
| 720 1# - ADDED ENTRY--UNCONTROLLED NAME |
| Name |
Ohikhena Agele, Samuel |
| Relator code |
oth |
| 720 1# - ADDED ENTRY--UNCONTROLLED NAME |
| Name |
Samuel Ibiremo, Olufemi |
| Relator code |
edt |
| 720 1# - ADDED ENTRY--UNCONTROLLED NAME |
| Name |
Samuel Ibiremo, Olufemi |
| Relator code |
oth |
| 793 0# - |
| -- |
DOAB Library. |
| 856 ## - ELECTRONIC LOCATION AND ACCESS |
| Uniform Resource Identifier |
<a href="https://docs.google.com/spreadsheets/d/1yKIrdCPDAG_9c22mwoOIO2DOhtj65Wqa/edit?usp=sharing&ouid=106555315294820607512&rtpof=true&sd=true ">https://docs.google.com/spreadsheets/d/1yKIrdCPDAG_9c22mwoOIO2DOhtj65Wqa/edit?usp=sharing&ouid=106555315294820607512&rtpof=true&sd=true </a> |
| Link text |
List of Curated E-Books |
| 942 ## - ADDED ENTRY ELEMENTS (KOHA) |
| Koha item type |
E-Book |